<?xml version="1.0" encoding="UTF-8"?>
<record
    xmlns:xsi="http://www.w3.org/2001/XMLSchema-instance"
    xsi:schemaLocation="http://www.loc.gov/MARC21/slim http://www.loc.gov/standards/marcxml/schema/MARC21slim.xsd"
    xmlns="http://www.loc.gov/MARC21/slim">

  <leader>00701cam a2200181 a 4500</leader>
  <datafield tag="020" ind1=" " ind2=" ">
    <subfield code="a">0444826610 (alk. paper)</subfield>
  </datafield>
  <datafield tag="082" ind1="0" ind2="0">
    <subfield code="a">532/.05358</subfield>
    <subfield code="b">HUI</subfield>
    <subfield code="c">N-01, P-56</subfield>
  </datafield>
  <datafield tag="100" ind1="1" ind2=" ">
    <subfield code="a">Huilgol, R. R.,</subfield>
    <subfield code="9">37738</subfield>
  </datafield>
  <datafield tag="245" ind1="1" ind2="0">
    <subfield code="a">Fluid mechanics of viscoelasticity</subfield>
    <subfield code="b">general principles, constitutive modelling, analytical, and numerical techniques /</subfield>
    <subfield code="c">R.R. Huilgol and N. Phan-Thien.</subfield>
  </datafield>
  <datafield tag="260" ind1=" " ind2=" ">
    <subfield code="a">Amsterdam ;</subfield>
    <subfield code="a">New York :</subfield>
    <subfield code="b">Elsevier,</subfield>
    <subfield code="c">1997.</subfield>
  </datafield>
  <datafield tag="526" ind1=" " ind2=" ">
    <subfield code="a">0</subfield>
    <subfield code="b">0</subfield>
    <subfield code="c">0</subfield>
    <subfield code="d">532_053580000000000_HUI</subfield>
  </datafield>
  <datafield tag="650" ind1=" " ind2="0">
    <subfield code="a">Continuum mechanics.</subfield>
    <subfield code="9">20066</subfield>
  </datafield>
  <datafield tag="650" ind1=" " ind2="0">
    <subfield code="a">NUST</subfield>
    <subfield code="9">6342</subfield>
  </datafield>
  <datafield tag="650" ind1=" " ind2="0">
    <subfield code="a">Viscous flow.</subfield>
    <subfield code="9">37739</subfield>
  </datafield>
  <datafield tag="700" ind1="2" ind2=" ">
    <subfield code="a">Phan-Thien, Nhan.</subfield>
    <subfield code="9">37740</subfield>
  </datafield>
  <datafield tag="856" ind1="4" ind2="0">
    <subfield code="u">http://www.columbia.edu/cgi-bin/cul/resolve?clio10175539</subfield>
  </datafield>
  <datafield tag="942" ind1=" " ind2=" ">
    <subfield code="2">ddc</subfield>
    <subfield code="c">BK</subfield>
  </datafield>
  <datafield tag="999" ind1=" " ind2=" ">
    <subfield code="c">544336</subfield>
    <subfield code="d">544336</subfield>
  </datafield>
  <datafield tag="952" ind1=" " ind2=" ">
    <subfield code="0">0</subfield>
    <subfield code="1">0</subfield>
    <subfield code="2">ddc</subfield>
    <subfield code="4">0</subfield>
    <subfield code="7">0</subfield>
    <subfield code="a">MCE</subfield>
    <subfield code="b">MCE</subfield>
    <subfield code="d">2014-04-17</subfield>
    <subfield code="l">1</subfield>
    <subfield code="o">532/.05358 HUI</subfield>
    <subfield code="p">MCE-3165</subfield>
    <subfield code="r">2014-10-29</subfield>
    <subfield code="s">2014-10-29</subfield>
    <subfield code="w">2014-04-17</subfield>
    <subfield code="y">BK</subfield>
  </datafield>
</record>
